000
00283nam a22001337a 4500
008
181102b xxu||||| |||| 00| 0 eng d
020
_a
9780394712451
041
_a
eng
080
_a
610
100
_a
4
101
_a
SHM
245
_a
Medical Nemesis
_c
Illich,I
942
_2
udc
_c
BK
999
_c
51600
_d
51600